[Event "Poznan Chess Festival"]
[Site "chess24.com"]
[Date "2021.08.15"]
[Round "2"]
[White "Baranska, Monika"]
[Black "Zakrzewski, Marek"]
[Result "0-1"]
[Board "4"]
[WhiteElo "1767"]
[WhiteCountry "POL"]
[WhiteFideId "1130382"]
[WhiteEloChange "-2"]
[BlackElo "2295"]
[BlackTitle "FM"]
[BlackCountry "POL"]
[BlackFideId "1170694"]
[BlackEloChange "2"]

1. d4 {[%clk 1:30:58]} d5 {[%clk 1:30:52]} 2. c4 {[%clk 1:31:25]} Nc6 {[%clk
1:31:15]} 3. Nc3 {[%clk 1:31:49]} Nf6 {[%clk 1:31:39]} 4. Nf3 {[%clk 1:32:07]}
dxc4 {[%clk 1:32:00]} 5. d5 {[%clk 1:29:28]} Na5 {[%clk 1:32:24]} 6. Qa4+ {[%clk
1:20:46]} c6 {[%clk 1:32:47]} 7. b4 {[%clk 1:14:53]} b5 {[%clk 1:33:10]} 8. Qxa5
{[%clk 1:11:33]} Qxa5 {[%clk 1:33:13]} 9. bxa5 {[%clk 1:12:02]} b4 {[%clk
1:33:35]} 10. Na4 {[%clk 0:48:17]} cxd5 {[%clk 1:33:37]} 11. a3 {[%clk 0:46:50]}
b3 {[%clk 1:29:40]} 12. Bb2 {[%clk 0:46:49]} Bd7 {[%clk 1:23:00]} 13. Nc3 {[%clk
0:45:00]} Rc8 {[%clk 1:17:35]} 14. e3 {[%clk 0:39:05]} e6 {[%clk 1:12:00]} 15.
Be2 {[%clk 0:38:41]} Be7 {[%clk 0:52:58]} 16. O-O {[%clk 0:39:03]} Bd8 {[%clk
0:53:11]} 17. Ne5 {[%clk 0:32:04]} Bxa5 {[%clk 0:52:36]} 18. Nxd7 {[%clk
0:28:34]} Kxd7 {[%clk 0:51:38]} 19. f3 {[%clk 0:26:34]} Rhd8 {[%clk 0:31:55]} 20.
Rac1 {[%clk 0:25:38]} e5 {[%clk 0:19:26]} 21. Na4 {[%clk 0:23:41]} Bd2 {[%clk
0:18:12]} 22. Bxe5 {[%clk 0:20:30]} Bxe3+ {[%clk 0:18:29]} 23. Kh1 {[%clk
0:20:54]} Bxc1 {[%clk 0:08:33]} 24. Rxc1 {[%clk 0:21:20]} Kc6 {[%clk 0:07:17]}
25. Bd4 {[%clk 0:19:55]} Kb5 {[%clk 0:05:33]} 26. Nb2 {[%clk 0:17:16]} Ne8 {[%clk
0:03:26]} 27. Kg1 {[%clk 0:17:27]} Nd6 {[%clk 0:02:10]} 28. g4 {[%clk 0:16:18]}
f5 {[%clk 0:02:23]} 29. h3 {[%clk 0:16:02]} g6 {[%clk 0:02:32]} 30. Rc3 {[%clk
0:15:20]} Kc6 {[%clk 0:02:43]} 31. a4 {[%clk 0:14:42]} Kb7 {[%clk 0:02:35]} 32.
Kf2 {[%clk 0:13:48]} Nf7 {[%clk 0:03:00]} 33. f4 {[%clk 0:11:14]} Nd6 {[%clk
0:03:05]} 34. Bf3 {[%clk 0:11:08]} Ne4+ {[%clk 0:03:29]} 35. Bxe4 {[%clk
0:10:38]} fxe4 {[%clk 0:02:54]} 36. Ke3 {[%clk 0:06:36]} Ka6 {[%clk 0:02:33]} 37.
Be5 {[%clk 0:06:09]} Ka5 {[%clk 0:02:47]} 38. Rc1 {[%clk 0:05:44]} c3 {[%clk
0:01:57]} 39. Rxc3 {[%clk 0:04:52]} Kb4 {[%clk 0:02:23]} 40. Kd2 {[%clk 0:02:41]}
Ka3 {[%clk 0:01:50]} 41. Rxc8 {[%clk 0:01:28]} Rxc8 {[%clk 0:02:18]} 42. f5
{[%clk 0:01:06]} gxf5 {[%clk 0:02:43]} 43. gxf5 {[%clk 0:01:30]} Rc2+ {[%clk
0:01:15]} 44. Ke3 {[%clk 0:01:59]} Rxb2 {[%clk 0:01:35]} 45. Bxb2+ {[%clk
0:01:02]} Kxb2 {[%clk 0:02:03]} 46. f6 {[%clk 0:01:26]} Ka2 {[%clk 0:02:25]} 47.
f7 {[%clk 0:01:52]} b2 {[%clk 0:02:53]} 48. f8=Q {[%clk 0:02:16]} b1=Q {[%clk
0:03:20]} 49. Qf7 {[%clk 0:01:34]} Qd3+ {[%clk 0:03:31]} 50. Kf2 {[%clk 0:00:53]}
e3+ {[%clk 0:03:21]} 0-1

[Event "Poznan Chess Festival"]
[Site "chess24.com"]
[Date "2021.08.15"]
[Round "2"]
[White "Niekras, Dawid"]
[Black "Litke, Slawomir"]
[Result "1-0"]
[Board "5"]
[WhiteElo "2289"]
[WhiteTitle "FM"]
[WhiteCountry "POL"]
[WhiteFideId "1160451"]
[WhiteEloChange "2"]
[BlackElo "1623"]
[BlackCountry "POL"]
[BlackFideId "21882282"]
[BlackEloChange "-2"]

1. e4 {[%clk 1:30:57]} e5 {[%clk 1:30:52]} 2. Nf3 {[%clk 1:31:18]} d6 {[%clk
1:28:50]} 3. d4 {[%clk 1:31:34]} Nf6 {[%clk 1:29:18]} 4. Nc3 {[%clk 1:30:45]}
Nbd7 {[%clk 1:29:38]} 5. Rg1 {[%clk 1:30:57]} Qe7 {[%clk 1:26:15]} 6. g4 {[%clk
1:16:41]} exd4 {[%clk 1:07:54]} 7. Nxd4 {[%clk 1:16:51]} Nb6 {[%clk 1:05:54]} 8.
Qe2 {[%clk 1:08:10]} Bd7 {[%clk 0:57:23]} 9. g5 {[%clk 1:06:22]} Ng8 {[%clk
0:57:40]} 10. Be3 {[%clk 1:01:03]} O-O-O {[%clk 0:56:27]} 11. Ndb5 {[%clk
0:51:06]} Bxb5 {[%clk 0:44:15]} 12. Qxb5 {[%clk 0:45:13]} Qe5 {[%clk 0:37:59]}
13. Qb3 {[%clk 0:39:45]} Qe6 {[%clk 0:31:08]} 14. Be2 {[%clk 0:22:13]} Kb8 {[%clk
0:28:21]} 15. Bg4 {[%clk 0:16:40]} Qe8 {[%clk 0:21:05]} 16. a4 {[%clk 0:15:03]}
Ne7 {[%clk 0:13:05]} 17. a5 {[%clk 0:13:37]} Nbc8 {[%clk 0:13:21]} 18. a6 {[%clk
0:13:21]} b6 {[%clk 0:13:33]} 19. O-O-O {[%clk 0:13:19]} Rg8 {[%clk 0:06:15]} 20.
f4 {[%clk 0:08:04]} Nc6 {[%clk 0:01:31]} 21. Rge1 {[%clk 0:05:57]} Na5 {[%clk
0:01:33]} 22. Qd5 {[%clk 0:05:13]} Ne7 {[%clk 0:01:26]} 23. Qd3 {[%clk 0:05:25]}
Qc6 {[%clk 0:00:51]} 24. e5 {[%clk 0:03:41]} Nc8 {[%clk 0:00:31]} 25. e6 {[%clk
0:02:08]} fxe6 {[%clk 0:00:32]} 26. Bxe6 {[%clk 0:02:24]} Rh8 {[%clk 0:00:55]}
27. f5 {[%clk 0:00:58]} Be7 {[%clk 0:00:48]} 28. b4 {[%clk 0:00:34]} d5 {[%clk
0:00:58]} 29. bxa5 {[%clk 0:00:38]} Ba3+ {[%clk 0:01:12]} 30. Kb1 {[%clk
0:00:33]} d4 {[%clk 0:01:08]} 31. Bxd4 {[%clk 0:00:42]} Nd6 {[%clk 0:00:47]} 32.
Bxg7 {[%clk 0:00:46]} 1-0

[Event "Poznan Chess Festival"]
[Site "chess24.com"]
[Date "2021.08.15"]
[Round "2"]
[White "Zakrzewska, Joanna"]
[Black "Jaskolka, Tomasz"]
[Result "0-1"]
[Board "6"]
[WhiteElo "1736"]
[WhiteCountry "POL"]
[WhiteFideId "1170112"]
[WhiteEloChange "-2"]
[BlackElo "2220"]
[BlackTitle "CM"]
[BlackCountry "POL"]
[BlackFideId "1170791"]
[BlackEloChange "2"]

1. e4 {[%clk 1:30:58]} c5 {[%clk 1:30:56]} 2. Nf3 {[%clk 1:31:20]} Nc6 {[%clk
1:30:30]} 3. d4 {[%clk 1:31:39]} cxd4 {[%clk 1:30:55]} 4. Nxd4 {[%clk 1:31:59]}
Nf6 {[%clk 1:29:59]} 5. Nc3 {[%clk 1:31:55]} g6 {[%clk 1:29:56]} 6. Bc4 {[%clk
1:30:21]} Bg7 {[%clk 1:29:52]} 7. Bb3 {[%clk 1:30:13]} O-O {[%clk 1:30:07]} 8.
O-O {[%clk 1:26:48]} d6 {[%clk 1:27:26]} 9. Kh1 {[%clk 1:20:09]} Qb6 {[%clk
1:19:04]} 10. Nxc6 {[%clk 1:15:15]} bxc6 {[%clk 1:19:16]} 11. Be3 {[%clk
1:14:46]} Qa5 {[%clk 1:17:06]} 12. f3 {[%clk 1:09:58]} Bb7 {[%clk 1:04:20]} 13.
Qd2 {[%clk 1:02:48]} Rfd8 {[%clk 1:03:43]} 14. Rad1 {[%clk 0:57:54]} Qc7 {[%clk
0:55:59]} 15. Qf2 {[%clk 0:50:05]} e5 {[%clk 0:51:47]} 16. Bxa7 {[%clk 0:47:22]}
c5 {[%clk 0:49:54]} 17. Nb5 {[%clk 0:42:55]} Qa5 {[%clk 0:44:50]} 18. Nxd6 {[%clk
0:39:55]} Rxa7 {[%clk 0:41:11]} 19. Nxf7 {[%clk 0:38:11]} Rxd1 {[%clk 0:29:53]}
20. Rxd1 {[%clk 0:36:06]} Kf8 {[%clk 0:30:03]} 21. Nxe5 {[%clk 0:33:57]} Qc7
{[%clk 0:27:00]} 22. Nc4 {[%clk 0:26:50]} Nh5 {[%clk 0:18:37]} 23. c3 {[%clk
0:18:27]} Ra8 {[%clk 0:15:18]} 24. Qd2 {[%clk 0:17:05]} Bc6 {[%clk 0:12:43]} 25.
Qd6+ {[%clk 0:07:58]} Qxd6 {[%clk 0:13:03]} 26. Rxd6 {[%clk 0:08:22]} Be8 {[%clk
0:12:44]} 27. Nb6 {[%clk 0:08:11]} Ra7 {[%clk 0:10:22]} 28. Kg1 {[%clk 0:08:03]}
Be5 {[%clk 0:08:26]} 29. Re6 {[%clk 0:05:28]} Bf4 {[%clk 0:07:56]} 30. g3 {[%clk
0:03:37]} Bc1 {[%clk 0:05:05]} 31. Nc8 {[%clk 0:02:34]} Rc7 {[%clk 0:03:22]} 32.
Nd6 {[%clk 0:02:42]} Bd7 {[%clk 0:03:28]} 33. Re5 {[%clk 0:02:46]} Bxb2 {[%clk
0:03:23]} 34. Nc4 {[%clk 0:01:41]} Bxc3 {[%clk 0:03:19]} 35. Rd5 {[%clk 0:02:01]}
Bd4+ {[%clk 0:01:27]} 36. Kf1 {[%clk 0:02:14]} Ke7 {[%clk 0:01:11]} 37. f4 {[%clk
0:01:04]} Be6 {[%clk 0:01:08]} 38. Ke2 {[%clk 0:00:40]} Nf6 {[%clk 0:00:44]} 39.
Re5 {[%clk 0:01:03]} Bxe5 {[%clk 0:00:59]} 40. Nxe5 {[%clk 0:01:29]} Bxb3 {[%clk
0:01:14]} 41. axb3 {[%clk 0:01:47]} Nxe4 {[%clk 0:01:31]} 42. Ke3 {[%clk
0:01:36]} Nd6 {[%clk 0:01:53]} 43. Nd3 {[%clk 0:01:17]} Nf5+ {[%clk 0:01:58]} 0-1

[Event "Poznan Chess Festival"]
[Site "chess24.com"]
[Date "2021.08.15"]
[Round "2"]
[White "Hladun, Bartlomiej"]
[Black "Raczynski, Krzysztof"]
[Result "0-1"]
[Board "7"]
[WhiteElo "1639"]
[WhiteCountry "POL"]
[WhiteFideId "21802467"]
[WhiteEloChange "-2"]
[BlackElo "2212"]
[BlackCountry "POL"]
[BlackFideId "1172549"]
[BlackEloChange "2"]

1. Nf3 {[%clk 1:30:56]} g6 {[%clk 1:29:53]} 2. d4 {[%clk 1:31:18]} Bg7 {[%clk
1:30:15]} 3. c4 {[%clk 1:31:26]} Nf6 {[%clk 1:29:25]} 4. g3 {[%clk 1:31:46]} O-O
{[%clk 1:29:40]} 5. Bg2 {[%clk 1:32:11]} d6 {[%clk 1:28:34]} 6. O-O {[%clk
1:32:02]} Nc6 {[%clk 1:28:13]} 7. Nc3 {[%clk 1:31:50]} a6 {[%clk 1:27:43]} 8. h3
{[%clk 1:24:55]} Rb8 {[%clk 1:26:56]} 9. Bg5 {[%clk 1:23:16]} b5 {[%clk 1:24:02]}
10. cxb5 {[%clk 1:15:49]} axb5 {[%clk 1:23:47]} 11. e3 {[%clk 1:14:30]} b4 {[%clk
1:22:12]} 12. Bxf6 {[%clk 1:11:39]} Bxf6 {[%clk 1:20:59]} 13. Nd5 {[%clk
1:10:43]} Bg7 {[%clk 1:20:18]} 14. Qc2 {[%clk 1:00:05]} Bd7 {[%clk 1:13:04]} 15.
Rfd1 {[%clk 0:53:37]} Rb5 {[%clk 1:09:05]} 16. Nf4 {[%clk 0:50:55]} Qb8 {[%clk
1:02:05]} 17. Nd2 {[%clk 0:47:54]} Na5 {[%clk 0:43:50]} 18. Nd5 {[%clk 0:35:20]}
c5 {[%clk 0:40:37]} 19. Nxe7+ {[%clk 0:32:04]} Kh8 {[%clk 0:41:05]} 20. Nb3
{[%clk 0:31:40]} Nxb3 {[%clk 0:36:58]} 21. axb3 {[%clk 0:31:25]} Qd8 {[%clk
0:34:57]} 22. Nd5 {[%clk 0:27:54]} h5 {[%clk 0:30:55]} 23. Ra6 {[%clk 0:23:28]}
Bc8 {[%clk 0:28:14]} 24. Ra4 {[%clk 0:18:37]} cxd4 {[%clk 0:21:22]} 25. exd4
{[%clk 0:18:21]} Bxh3 {[%clk 0:19:03]} 26. Qc6 {[%clk 0:08:47]} Bd7 {[%clk
0:17:35]} 27. Qxd6 {[%clk 0:07:59]} Be6 {[%clk 0:17:19]} 28. Qc6 {[%clk 0:01:33]}
Rxd5 {[%clk 0:16:28]} 29. Bxd5 {[%clk 0:01:31]} Bxd5 {[%clk 0:16:50]} 30. Qc2
{[%clk 0:01:40]} Qf6 {[%clk 0:14:22]} 31. Qd3 {[%clk 0:01:38]} Re8 {[%clk
0:07:55]} 32. Rxb4 {[%clk 0:01:16]} h4 {[%clk 0:05:28]} 33. Rb5 {[%clk 0:00:36]}
Bf3 {[%clk 0:05:11]} 34. Rc1 {[%clk 0:00:44]} Be2 {[%clk 0:04:57]} 0-1

[Event "Poznan Chess Festival"]
[Site "chess24.com"]
[Date "2021.08.15"]
[Round "2"]
[White "Poltorak, Sebastian"]
[Black "Weglarz, Janusz"]
[Result "1-0"]
[Board "8"]
[WhiteElo "2205"]
[WhiteCountry "POL"]
[WhiteFideId "1199498"]
[WhiteEloChange "2"]
[BlackElo "1607"]
[BlackCountry "POL"]
[BlackFideId "1123076"]
[BlackEloChange "-2"]

1. Nf3 {[%clk 1:30:52]} d5 {[%clk 1:30:28]} 2. d4 {[%clk 1:31:08]} Nf6 {[%clk
1:30:42]} 3. Bf4 {[%clk 1:31:00]} g6 {[%clk 1:30:29]} 4. e3 {[%clk 1:30:00]} Bg7
{[%clk 1:30:50]} 5. c4 {[%clk 1:30:02]} O-O {[%clk 1:31:01]} 6. Nc3 {[%clk
1:30:15]} c6 {[%clk 1:31:09]} 7. h3 {[%clk 1:29:22]} Nbd7 {[%clk 1:30:30]} 8. Be2
{[%clk 1:27:03]} dxc4 {[%clk 1:29:21]} 9. Bxc4 {[%clk 1:27:23]} Nb6 {[%clk
1:29:43]} 10. Bd3 {[%clk 1:27:05]} Nfd5 {[%clk 1:29:02]} 11. Bg3 {[%clk 1:26:09]}
f5 {[%clk 1:28:40]} 12. Be5 {[%clk 1:23:17]} e6 {[%clk 1:25:34]} 13. Qb3 {[%clk
1:19:42]} Qe7 {[%clk 1:24:51]} 14. Rc1 {[%clk 1:18:01]} Nd7 {[%clk 1:23:09]} 15.
Bxg7 {[%clk 1:16:55]} Kxg7 {[%clk 1:23:26]} 16. O-O {[%clk 1:16:35]} h5 {[%clk
1:21:45]} 17. h4 {[%clk 1:10:53]} N7f6 {[%clk 1:20:12]} 18. Rfe1 {[%clk 1:09:08]}
Qd6 {[%clk 1:17:09]} 19. e4 {[%clk 1:07:53]} fxe4 {[%clk 1:16:30]} 20. Nxe4
{[%clk 1:07:17]} Nxe4 {[%clk 1:14:26]} 21. Bxe4 {[%clk 1:07:33]} Nf6 {[%clk
1:08:06]} 22. Rc5 {[%clk 1:00:30]} Nxe4 {[%clk 1:03:37]} 23. Rxe4 {[%clk
1:00:34]} Rf6 {[%clk 0:58:46]} 24. Rg5 {[%clk 0:56:41]} b6 {[%clk 0:54:29]} 25.
Ne5 {[%clk 0:56:21]} Ba6 {[%clk 0:45:59]} 26. Qg3 {[%clk 0:56:07]} Kh7 {[%clk
0:01:23]} 27. Rxg6 {[%clk 0:56:30]} Qe7 {[%clk 0:00:44]} 28. Qg5 {[%clk 0:56:42]}
1-0

[Event "Poznan Chess Festival"]
[Site "chess24.com"]
[Date "2021.08.15"]
[Round "2"]
[White "Krych, Dominik"]
[Black "Maj, Pawel"]
[Result "0-1"]
[Board "9"]
[WhiteElo "1617"]
[WhiteCountry "POL"]
[WhiteFideId "21039070"]
[WhiteEloChange "-2"]
[BlackElo "2113"]
[BlackCountry "POL"]
[BlackFideId "21818290"]
[BlackEloChange "2"]

1. d4 {[%clk 1:30:58]} Nf6 {[%clk 1:30:53]} 2. c4 {[%clk 1:31:25]} g6 {[%clk
1:31:17]} 3. Nc3 {[%clk 1:31:52]} d5 {[%clk 1:31:42]} 4. cxd5 {[%clk 1:31:55]}
Nxd5 {[%clk 1:32:06]} 5. e4 {[%clk 1:32:21]} Nxc3 {[%clk 1:32:29]} 6. bxc3 {[%clk
1:32:23]} Bg7 {[%clk 1:32:53]} 7. Bc4 {[%clk 1:32:49]} O-O {[%clk 1:32:59]} 8.
Ne2 {[%clk 1:33:18]} c5 {[%clk 1:32:36]} 9. O-O {[%clk 1:33:31]} Nc6 {[%clk
1:29:02]} 10. Be3 {[%clk 1:33:51]} Qc7 {[%clk 1:27:50]} 11. Rc1 {[%clk 1:34:09]}
Na5 {[%clk 1:22:46]} 12. Bd3 {[%clk 1:34:23]} b6 {[%clk 1:22:18]} 13. Qd2 {[%clk
1:32:27]} Bb7 {[%clk 1:17:00]} 14. Bh6 {[%clk 1:26:33]} e5 {[%clk 1:13:00]} 15.
Bxg7 {[%clk 1:25:51]} Kxg7 {[%clk 1:13:25]} 16. f4 {[%clk 1:26:08]} f6 {[%clk
1:11:28]} 17. Ng3 {[%clk 1:16:19]} Qe7 {[%clk 1:03:35]} 18. d5 {[%clk 1:15:16]}
Rad8 {[%clk 0:59:50]} 19. Qe2 {[%clk 1:01:16]} Bc8 {[%clk 0:57:31]} 20. f5 {[%clk
1:00:09]} Bd7 {[%clk 0:49:56]} 21. Rf2 {[%clk 0:54:28]} Nb7 {[%clk 0:49:23]} 22.
Bb5 {[%clk 0:54:09]} g5 {[%clk 0:44:23]} 23. Bxd7 {[%clk 0:54:24]} Qxd7 {[%clk
0:44:27]} 24. Qg4 {[%clk 0:49:17]} Kh8 {[%clk 0:44:05]} 25. Rf3 {[%clk 0:49:08]}
Nd6 {[%clk 0:43:31]} 26. Nh5 {[%clk 0:48:16]} Qa4 {[%clk 0:39:54]} 27. Re1 {[%clk
0:48:27]} Qxa2 {[%clk 0:35:58]} 28. h4 {[%clk 0:47:30]} Qd2 {[%clk 0:34:07]} 29.
Kf1 {[%clk 0:47:39]} Rd7 {[%clk 0:31:19]} 30. Rh3 {[%clk 0:45:10]} gxh4 {[%clk
0:23:53]} 31. Rxh4 {[%clk 0:44:10]} Qg5 {[%clk 0:18:15]} 32. Qh3 {[%clk 0:43:48]}
Rg8 {[%clk 0:18:33]} 33. Re3 {[%clk 0:32:16]} a5 {[%clk 0:17:49]} 34. Kg1 {[%clk
0:30:56]} a4 {[%clk 0:14:25]} 35. Kh2 {[%clk 0:31:02]} a3 {[%clk 0:11:17]} 36.
Rg3 {[%clk 0:20:39]} Qxg3+ {[%clk 0:09:51]} 37. Nxg3 {[%clk 0:20:52]} a2 {[%clk
0:10:14]} 38. Nh5 {[%clk 0:21:08]} Ne8 {[%clk 0:10:28]} 39. Qe3 {[%clk 0:19:13]}
a1=Q {[%clk 0:10:47]} 40. Qh6 {[%clk 0:19:02]} Qxc3 {[%clk 0:09:42]} 41. Rh3
{[%clk 0:19:12]} Qc2 {[%clk 0:09:46]} 42. Rg3 {[%clk 0:19:22]} Rxg3 {[%clk
0:09:50]} 43. Kxg3 {[%clk 0:19:42]} Rf7 {[%clk 0:10:06]} 44. Qe3 {[%clk 0:19:34]}
Ng7 {[%clk 0:09:38]} 45. Nxf6 {[%clk 0:18:47]} Rxf6 {[%clk 0:10:02]} 46. Qg5
{[%clk 0:19:05]} Ne8 {[%clk 0:10:20]} 47. d6 {[%clk 0:19:21]} Qd3+ {[%clk
0:10:44]} 0-1

[Event "Poznan Chess Festival"]
[Site "chess24.com"]
[Date "2021.08.15"]
[Round "2"]
[White "Piotrowski, Pawel"]
[Black "Hoffmann, Piotr"]
[Result "1-0"]
[Board "10"]
[WhiteElo "2067"]
[WhiteCountry "POL"]
[WhiteFideId "1184415"]
[WhiteEloChange "2"]
[BlackElo "1579"]
[BlackCountry "POL"]
[BlackFideId "1134540"]
[BlackEloChange "-2"]

1. d4 {[%clk 1:30:57]} Nf6 {[%clk 1:30:50]} 2. c4 {[%clk 1:31:22]} e5 {[%clk
1:31:16]} 3. dxe5 {[%clk 1:31:08]} Ne4 {[%clk 1:31:37]} 4. Nd2 {[%clk 1:30:00]}
Bb4 {[%clk 1:31:23]} 5. g3 {[%clk 1:25:09]} Qe7 {[%clk 1:30:21]} 6. Nf3 {[%clk
1:23:55]} Nc6 {[%clk 1:30:17]} 7. Bg2 {[%clk 1:22:19]} O-O {[%clk 1:29:27]} 8.
O-O {[%clk 1:21:17]} Nxd2 {[%clk 1:29:17]} 9. Bxd2 {[%clk 1:17:34]} Bxd2 {[%clk
1:29:33]} 10. Qxd2 {[%clk 1:17:49]} Nxe5 {[%clk 1:29:57]} 11. Rac1 {[%clk
1:14:49]} d6 {[%clk 1:29:54]} 12. Nd4 {[%clk 1:07:43]} Nc6 {[%clk 1:29:56]} 13.
Nxc6 {[%clk 1:07:25]} bxc6 {[%clk 1:30:24]} 14. Bxc6 {[%clk 1:07:21]} Rb8 {[%clk
1:30:47]} 15. b3 {[%clk 1:05:51]} Bb7 {[%clk 1:30:41]} 16. Bxb7 {[%clk 1:03:41]}
Rxb7 {[%clk 1:31:09]} 17. Rfe1 {[%clk 1:03:44]} Rfb8 {[%clk 1:30:42]} 18. e4
{[%clk 0:56:17]} Rb4 {[%clk 1:30:24]} 19. Qd5 {[%clk 0:53:48]} Kf8 {[%clk
1:20:54]} 20. e5 {[%clk 0:52:08]} dxe5 {[%clk 1:21:07]} 21. Rxe5 {[%clk 0:52:05]}
Qd6 {[%clk 1:21:27]} 22. Qe4 {[%clk 0:47:23]} Qg6 {[%clk 1:20:27]} 23. Qe3 {[%clk
0:47:09]} Qb6 {[%clk 1:15:10]} 24. Qd3 {[%clk 0:46:45]} Qg6 {[%clk 1:13:16]} 25.
Qd4 {[%clk 0:46:34]} Qb6 {[%clk 1:12:14]} 26. Qh4 {[%clk 0:46:46]} Qf6 {[%clk
1:09:54]} 27. Qxf6 {[%clk 0:46:33]} gxf6 {[%clk 1:10:22]} 28. Rc5 {[%clk
0:46:54]} R4b7 {[%clk 1:08:19]} 29. Rd1 {[%clk 0:47:12]} Ke7 {[%clk 1:08:12]} 30.
Rc6 {[%clk 0:47:29]} Rg8 {[%clk 1:02:03]} 31. Re1+ {[%clk 0:47:18]} Kf8 {[%clk
1:02:26]} 32. Rxf6 {[%clk 0:47:31]} Rb6 {[%clk 1:01:56]} 33. Rf5 {[%clk 0:46:45]}
Rgg6 {[%clk 1:01:18]} 34. Rd5 {[%clk 0:44:49]} Rbd6 {[%clk 1:01:05]} 35. Rxd6
{[%clk 0:44:50]} Rxd6 {[%clk 1:00:35]} 36. Re5 {[%clk 0:45:10]} Ra6 {[%clk
0:56:04]} 37. a4 {[%clk 0:45:28]} f6 {[%clk 0:56:07]} 38. Rh5 {[%clk 0:45:27]}
Kg7 {[%clk 0:56:13]} 39. Rb5 {[%clk 0:45:49]} Rc6 {[%clk 0:55:30]} 40. Kg2 {[%clk
0:43:36]} Kg6 {[%clk 0:55:33]} 41. Kf3 {[%clk 0:43:59]} f5 {[%clk 0:55:16]} 42.
Kf4 {[%clk 0:44:16]} Rf6 {[%clk 0:53:46]} 43. b4 {[%clk 0:42:19]} a6 {[%clk
0:52:05]} 44. Rc5 {[%clk 0:42:36]} c6 {[%clk 0:52:12]} 45. h4 {[%clk 0:42:51]} h5
{[%clk 0:52:15]} 46. Ke5 {[%clk 0:42:31]} Kf7 {[%clk 0:51:44]} 47. f3 {[%clk
0:41:41]} Rg6 {[%clk 0:50:01]} 48. Kf4 {[%clk 0:42:04]} Rd6 {[%clk 0:50:02]} 49.
Rxf5+ {[%clk 0:42:14]} Kg6 {[%clk 0:50:08]} 50. Ke5 {[%clk 0:42:26]} Rd3 {[%clk
0:46:17]} 51. Rf6+ {[%clk 0:41:00]} Kg7 {[%clk 0:46:37]} 52. Rxc6 {[%clk
0:41:07]} Rxf3 {[%clk 0:46:55]} 53. b5 {[%clk 0:41:30]} axb5 {[%clk 0:46:56]} 54.
axb5 {[%clk 0:41:54]} Rxg3 {[%clk 0:47:18]} 55. b6 {[%clk 0:42:15]} Rb3 {[%clk
0:46:28]} 56. c5 {[%clk 0:42:37]} Rb4 {[%clk 0:46:29]} 57. Rc7+ {[%clk 0:42:23]}
Kg6 {[%clk 0:46:56]} 58. b7 {[%clk 0:42:46]} 1-0

[Event "Poznan Chess Festival"]
[Site "chess24.com"]
[Date "2021.08.15"]
[Round "2"]
[White "Dopierala, Adam"]
[Black "Grzelak, Marcin"]
[Result "0-1"]
[Board "11"]
[WhiteElo "1582"]
[WhiteCountry "POL"]
[WhiteFideId "21878960"]
[WhiteEloChange "-2"]
[BlackElo "1978"]
[BlackCountry "POL"]
[BlackFideId "1133519"]
[BlackEloChange "2"]

1. d4 {[%clk 1:30:59]} Nf6 {[%clk 1:30:59]} 2. Bf4 {[%clk 1:31:24]} g6 {[%clk
1:31:11]} 3. Nc3 {[%clk 1:31:50]} Bg7 {[%clk 1:30:48]} 4. e4 {[%clk 1:32:16]} O-O
{[%clk 1:30:56]} 5. Qd2 {[%clk 1:32:42]} d6 {[%clk 1:29:34]} 6. O-O-O {[%clk
1:32:53]} a6 {[%clk 1:26:10]} 7. f3 {[%clk 1:28:28]} b5 {[%clk 1:26:12]} 8. Bh6
{[%clk 1:28:54]} Nbd7 {[%clk 1:17:09]} 9. h4 {[%clk 1:29:11]} e5 {[%clk 1:17:24]}
10. g4 {[%clk 1:21:36]} exd4 {[%clk 1:11:56]} 11. Nce2 {[%clk 1:21:48]} c5 {[%clk
1:09:54]} 12. h5 {[%clk 1:21:42]} Ne5 {[%clk 0:55:46]} 13. Bxg7 {[%clk 1:14:18]}
Kxg7 {[%clk 0:54:07]} 14. hxg6 {[%clk 1:14:40]} fxg6 {[%clk 0:54:29]} 15. Qh6+
{[%clk 1:14:45]} Kg8 {[%clk 0:53:50]} 16. Nf4 {[%clk 1:08:49]} Ra7 {[%clk
0:49:41]} 17. Be2 {[%clk 0:44:16]} Bxg4 {[%clk 0:30:20]} 18. Nxg6 {[%clk
0:28:42]} hxg6 {[%clk 0:27:45]} 19. Qh8+ {[%clk 0:12:33]} Kf7 {[%clk 0:28:12]}
20. Rh7+ {[%clk 0:12:47]} Ke6 {[%clk 0:28:32]} 21. Qxf8 {[%clk 0:13:06]} Qxf8
{[%clk 0:28:53]} 22. Rxa7 {[%clk 0:13:33]} Bh5 {[%clk 0:27:26]} 23. Rf1 {[%clk
0:08:38]} Qh6+ {[%clk 0:26:59]} 24. f4 {[%clk 0:08:23]} Nxe4 {[%clk 0:23:47]} 25.
Bxh5 {[%clk 0:05:59]} Ng3 {[%clk 0:20:20]} 26. Bg4+ {[%clk 0:02:40]} Nxg4 {[%clk
0:20:17]} 27. Re1+ {[%clk 0:03:06]} Ne3 {[%clk 0:19:49]} 28. c3 {[%clk 0:02:03]}
Qh2 {[%clk 0:18:35]} 29. Kb1 {[%clk 0:01:51]} Qc2+ {[%clk 0:17:49]} 30. Ka1
{[%clk 0:02:16]} dxc3 {[%clk 0:14:49]} 31. Rb1 {[%clk 0:00:39]} Nc4 {[%clk
0:14:34]} 0-1

[Event "Poznan Chess Festival"]
[Site "chess24.com"]
[Date "2021.08.15"]
[Round "2"]
[White "Czarnolewski, Piotr"]
[Black "Lanin, Boris Dr"]
[Result "0-1"]
[Board "12"]
[WhiteElo "1562"]
[WhiteCountry "POL"]
[WhiteFideId "1133489"]
[WhiteEloChange "-2"]
[BlackElo "1949"]
[BlackCountry "RUS"]
[BlackFideId "4198166"]
[BlackEloChange "2"]

1. e4 {[%clk 1:30:50]} g6 {[%clk 1:30:53]} 2. d4 {[%clk 1:30:58]} d6 {[%clk
1:31:19]} 3. Nc3 {[%clk 1:29:27]} Bg7 {[%clk 1:31:44]} 4. Be3 {[%clk 1:27:25]} a6
{[%clk 1:32:07]} 5. Qd2 {[%clk 1:22:03]} b5 {[%clk 1:32:24]} 6. h4 {[%clk
1:13:26]} h5 {[%clk 1:26:03]} 7. Bd3 {[%clk 1:05:34]} Nd7 {[%clk 1:20:44]} 8. Nh3
{[%clk 1:01:51]} Bb7 {[%clk 1:20:03]} 9. Ng5 {[%clk 1:00:33]} c5 {[%clk 1:15:25]}
10. d5 {[%clk 0:55:13]} Rc8 {[%clk 1:11:12]} 11. f4 {[%clk 0:48:22]} c4 {[%clk
1:10:08]} 12. Be2 {[%clk 0:48:04]} b4 {[%clk 1:09:59]} 13. Nd1 {[%clk 0:47:13]}
c3 {[%clk 1:05:21]} 14. bxc3 {[%clk 0:44:14]} bxc3 {[%clk 1:05:44]} 15. Qd3
{[%clk 0:41:09]} Nc5 {[%clk 1:04:57]} 16. Bxc5 {[%clk 0:38:34]} Rxc5 {[%clk
1:04:15]} 17. Ne3 {[%clk 0:35:20]} Nh6 {[%clk 1:03:29]} 18. O-O {[%clk 0:34:23]}
Bc8 {[%clk 0:55:41]} 19. Rfb1 {[%clk 0:33:26]} Qc7 {[%clk 0:50:30]} 20. g3 {[%clk
0:31:42]} O-O {[%clk 0:48:05]} 21. Kg2 {[%clk 0:27:06]} a5 {[%clk 0:33:00]} 22.
a3 {[%clk 0:24:16]} Qa7 {[%clk 0:28:16]} 23. Rb3 {[%clk 0:22:39]} Rc7 {[%clk
0:22:12]} 24. Nd1 {[%clk 0:19:14]} Bg4 {[%clk 0:20:26]} 25. Ne3 {[%clk 0:17:44]}
Bd4 {[%clk 0:16:45]} 26. Nxg4 {[%clk 0:16:30]} hxg4 {[%clk 0:15:26]} 27. a4
{[%clk 0:14:50]} Rfc8 {[%clk 0:15:05]} 28. Qb5 {[%clk 0:13:59]} Bf2 {[%clk
0:13:19]} 29. Qd3 {[%clk 0:12:58]} Rc4 {[%clk 0:13:08]} 30. Rf1 {[%clk 0:10:16]}
Be3 {[%clk 0:10:22]} 31. Ra1 {[%clk 0:09:45]} Bd2 {[%clk 0:09:37]} 32. Bf1 {[%clk
0:08:31]} f5 {[%clk 0:08:01]} 33. Rab1 {[%clk 0:05:36]} fxe4 {[%clk 0:07:10]} 34.
Qe2 {[%clk 0:04:52]} Nf5 {[%clk 0:07:25]} 35. Nxe4 {[%clk 0:03:48]} Ne3+ {[%clk
0:07:39]} 36. Kh2 {[%clk 0:03:27]} Rxe4 {[%clk 0:07:56]} 37. Qd3 {[%clk 0:03:29]}
Nxf1+ {[%clk 0:08:08]} 38. Rxf1 {[%clk 0:03:23]} Qe3 {[%clk 0:08:15]} 0-1